Chemical and biological evaluation of rubber (Hevea brasiliensis) seed meal (Record no. 47358)

MARC details
000 -LEADER
fixed length control field 01644nam a2200193Ia 4500
100 ## - MAIN ENTRY--AUTHOR NAME
Personal name Nwokolo E
245 #0 - TITLE STATEMENT
Title Chemical and biological evaluation of rubber (Hevea brasiliensis) seed meal
520 ## - SUMMARY, ETC.
Summary, etc Fresh, shelled rubber seed meal was solvent extracted for chemical characterisation of the ether extract fraction. Routine tests included saponification number, iodine value, peroxide value and free fatty acid contents. For detection and quantification of component fatty acids, the ether extract fraction was acid hydrolysed (4 hours), extracted with chloroform and analysed in a Varian model 3700 Gas Chromatograph using a stationary phase of 20;Carbowax deactivated with 1;H3PO4. Proximate analysis of defatted rubber seed meal was followed by atomic absorption spectrophotometry to quantify component minerals. From a short duration experiment involving feeding mineral-free reference diets as well as the test ingredients, availability of minerals in rubber seed meal was determined. Finally, defatted rubber seed meal was incorporated at levels of 10;, 15;and 20;into diets of three-week old broiler chicks for a 14 day feeding trial. A summary of the results of chemical and biological evaluation of rubber seed meal with reference to its suitability as a major protein source in poultry nutrition is provided.
650 ## - SUBJECT ADDED ENTRY--TOPICAL TERM
Topical Term Amino acids
650 ## - SUBJECT ADDED ENTRY--TOPICAL TERM
Topical Term Biological evaluation
650 ## - SUBJECT ADDED ENTRY--TOPICAL TERM
Topical Term Chemical evaluation
650 ## - SUBJECT ADDED ENTRY--TOPICAL TERM
Topical Term Fatty acid content
650 ## - SUBJECT ADDED ENTRY--TOPICAL TERM
Topical Term Nutritional value
650 ## - SUBJECT ADDED ENTRY--TOPICAL TERM
Topical Term Poultrynutrition
650 ## - SUBJECT ADDED ENTRY--TOPICAL TERM
Topical Term Rubber seed meal
700 ## - ADDED ENTRY--PERSONAL NAME
Personal name Akpakunam M
942 ## - ADDED ENTRY ELEMENTS (KOHA)
Koha item type Bibliography RLSE
Holdings
Withdrawn status Lost status Damaged status Not for loan Home library Current library Date acquired Koha item type
      Bibliography RRII Library RRII Library 31/12/2021 Bibliography RLSE